Every NAV Song on the Billboard Hot 100 - Statistics

General Stats
  • This quiz has been taken 45 times
    21 since last reset
  • The average score is 5 of 11
Answer Stats
# Year Song % Correct
6 2020 Lemonade (Internet Money & Gunna) ft. Don Toliver
78%
17 2020 Turks (Gunna & Travis Scott)
78%
87 2019 Tap ft. Meek Mill
61%
64 2017 Wanted You ft. Lil Uzi Vert
61%
86 2018 Champion ft. Travis Scott
56%
72 2019 Price On My Head ft. The Weeknd
56%
38 2020 Leaders (Lil Uzi Vert)
44%
81 2019 Baguettes In The Face (DJ Mustard) ft. Playboi Carti & A Boogie Wit Da Hoodie
33%
65 2020 Don't Need Friends ft. Lil Baby
22%
54 2018 Off White VLONE (Lil Baby & Gunna) ft. Lil Durk
22%
84 2020 Young Wheezy (Gunna)
22%
No matching quizzes found
Score Distribution
Percent of People with Each Score
Percentile by Number Answered
Your Score History
You have not taken this quiz since the last reset